Eniten timantteja tuottavat valtiot - Statistics

Yleistilastot
  • Tätä visaa on pelattu 621 kertaa
  • Keskiarvotulos 6 / 10
Vastaustilastot
Karaatit Valtio % Oikein
9,7 milj. Etelä-Afrikka
80%
9,9 milj. Kongon dem. tasavalta
77%
41,9 milj. Venäjä
69%
2,1 milj. Namibia
62%
16,2 milj. Kanada
58%
8,8 milj. Angola
57%
24,5 milj. Botswana
55%
4,5 milj. Zimbabwe
51%
0,72 milj. Lesotho
34%
0,69 milj. Sierra Leone
16%
Ehtoja vastaavia visoja ei löytynyt
Tulosjakauma
Jokaisen tuloksen saaneiden osuus
Persentiili vastausten määrän mukaan
Tuloshistoriasi
Et ole pelannut tätä visaa